[Event "45th Olympiad 2024"]
[Site "Budapest HUN"]
[Date "2024.09.16"]
[Round "6.13"]
[Board "1"]
[White "Henriquez Villagra, Cristobal"]
[Black "Predke, Alexandr"]
[Result "0-1"]
[WhiteElo "2604"]
[BlackElo "2671"]
[PlyCount "144"]
[EventDate "2024.09.11"]
[WhiteTeam "Chile"]
[BlackTeam "Serbia"]
[WhiteTeamCountry "CHI"]
[BlackTeamCountry "SRB"]

1. Nf3 Nf6 2. g3 b6 3. Bg2 Bb7 4. d3 g6 5. e4 d6 6. O-O c5 7. c4 Bg7 8. Nc3 O-O 9. h4 $146 ({RR} 9. Bg5 Nc6 10. Qd2 Re8 11. Rae1 Nd7 12. Nh4 Nd4 13. Bh6 Bh8 14. f4 Nf6 15. f5 Ng4 16. Bg5 Rb8 17. Nd5 Bxd5 18. exd5 Ne5 19. Be4 b5 20. b3 a5 21. Bf4 Bf6 22. Bxe5 dxe5 23. fxg6 hxg6 {1-0 Najdorf,M-Corral,H Montevideo 1954 (13)}) ({RR} 9. h3 Nbd7 10. Be3 Rc8 11. Nh4 Bc6 12. f4 a6 13. a4 Ne8 14. g4 Nc7 15. f5 b5 16. axb5 axb5 17. g5 b4 18. Nd5 Bxd5 19. exd5 Bxb2 20. Rb1 Bc3 21. Be4 Kg7 22. Ng2 Ra8 23. h4 Ra2 {1-0 Wei,Y (2736)-Praggnanandhaa,R (2536) chess.com Speed U20 blitz 2019 (1.3)}) ({RR} 9. Bf4 Nc6 10. Qd2 Ng4 11. h3 Nge5 12. Bh6 Nxf3+ 13. Bxf3 Nd4 14. Bg2 e5 15. Bxg7 Kxg7 16. Ne2 Ne6 17. f4 exf4 18. Nxf4 Nd4 19. Rf2 Qg5 20. Kh2 Rae8 21. Raf1 Re5 22. h4 Qe7 23. Ne2 Nxe2 {0-1 Goroshkov,M (2111)-Brunello,S (2508) EU-ch 22nd Terme Catez 2022 (6)}) ({RR} 9. h3 Nbd7 10. Bg5 a6 11. Qd2 Re8 12. Bh6 Bh8 13. Nh4 e6 14. Kh2 Rb8 15. Be3 b5 16. cxb5 axb5 17. Nxb5 Qb6 18. Nc3 Ba6 19. Rfb1 Ne5 20. Bf1 Qb7 21. f4 Nc6 22. Bg2 Nd7 23. Nf3 Qa7 {1-0 Flesch,J-Ulvestad,O Costa del Sol-05 1965 (9)}) 9... a6 10. Nh2 Nc6 11. a4 Rb8 12. g4 Nd4 13. h5 b5 14. axb5 axb5 15. cxb5 Bc8 16. hxg6 fxg6 17. f4 Be6 18. Bf3 g5 19. f5 Bb3 20. Qd2 h6 21. Bd1 Bxd1 22. Qxd1 Nxb5 23. Qb3+ Kh8 24. Nxb5 Qb6 25. Qe6 Qxb5 26. Rf3 Ra8 27. Rb1 Qd7 28. Bd2 Qxe6 29. fxe6 Nh7 30. b4 Ra2 31. Rxf8+ Nxf8 32. b5 Nxe6 33. b6 Nd8 34. Nf3 Nb7 35. Kf2 Kg8 36. Ke3 Kf7 37. Rb3 Ke6 38. Bc3 Bxc3 39. Rxc3 Rb2 40. Ra3 Rxb6 41. Ra8 Kd7 42. Rh8 Na5 43. Rxh6 Rb3 44. Ke2 Rb2+ 45. Ke3 c4 46. dxc4 Nxc4+ 47. Kd4 Rb3 48. Kxc4 Rxf3 49. e5 Kc6 50. Re6 Rf4+ 51. Kd3 Kd5 52. Rxe7 dxe5 53. Re8 Rxg4 54. Ke3 Rf4 55. Rg8 g4 56. Rg6 Ra4 57. Ke2 Rb4 58. Ke1 Rf4 59. Ke2 Kd4 60. Rg8 e4 61. Rg7 Ke5 62. Rg5+ Kf6 63. Rb5 Rf3 64. Ra5 g3 65. Ra8 Kg5 66. Re8 Rf2+ 67. Ke3 Kg4 68. Rh8 Rf3+ 69. Kxe4 Ra3 70. Rg8+ Kh3 71. Kf4 Kh2 72. Rh8+ Kg1 0-1

[Event "45th Olympiad 2024"]
[Site "Budapest HUN"]
[Date "2024.09.16"]
[Round "6.13"]
[Board "3"]
[White "Vasquez Schroeder, Rodrigo"]
[Black "Indjic, Aleksandar"]
[Result "0-1"]
[WhiteElo "2457"]
[BlackElo "2611"]
[PlyCount "64"]
[EventDate "2024.09.11"]
[WhiteTeam "Chile"]
[BlackTeam "Serbia"]
[WhiteTeamCountry "CHI"]
[BlackTeamCountry "SRB"]

1. e4 e5 2. Nf3 Nc6 3. Bc4 Nf6 4. d3 h6 5. c3 d6 6. a4 g5 7. a5 a6 ({RR} 7... Bg7 8. a6 b6 9. O-O O-O 10. Nbd2 Ne7 11. Bb3 Ng6 12. Nc4 g4 13. Ne1 d5 14. exd5 Nxd5 15. Ne3 Nxe3 16. fxe3 Qd6 17. Ra4 h5 18. Nc2 Be6 19. Bxe6 Qxe6 20. e4 Rad8 21. Ne3 Nf4 22. Nf5 {0-1 Caruana,F (2796)-Sindarov,J (2674) Titled Tue 2nd Jul Early 2024 (6)}) 8. Qb3 ({RR} 8. b4 Bg7 9. Nbd2 Ne7 10. Bb3 Ng6 11. g3 g4 12. Ng1 h5 13. Ne2 h4 14. Nf1 Be6 15. Bg5 Qd7 16. Ne3 hxg3 17. Nxg3 Bxb3 18. Qxb3 Nh7 19. Ngf5 Nxg5 20. Nxg7+ Kf8 21. Ngf5 Nf3+ 22. Kd1 Nf4 {1-0 Jobava,B (2588)-Indjic,A (2604) Cappelle Online Blitz op 2022 (11)}) 8... Qe7 9. Nbd2 Rb8 $146 ({RR} 9... Bg7 10. Nf1 Nd8 11. Ng3 Be6 12. Bxe6 fxe6 13. Be3 O-O 14. Nf5 Qf7 15. Nxg7 Kxg7 16. h4 g4 17. Nd2 Nh5 18. g3 d5 19. d4 exd4 20. Bxd4+ Kg8 21. exd5 exd5 22. O-O-O Nc6 23. Bc5 Rfb8 24. Rhe1 {1-0 Paravyan,D (2612)-Ambartsumova,K (2418) Titled Tue 27th Feb Late 2024 (2)}) ({RR} 9... Nd8 10. Nf1 g4 11. Ng1 Bg7 12. Ne2 h5 13. Bg5 h4 14. Ne3 c6 15. g3 h3 16. O-O Rh5 17. Bh4 Bh6 18. f4 Rxh4 19. gxh4 Nh5 20. Rae1 Qxh4 21. Qb4 Bf8 22. Qb6 exf4 23. Nf5 Bxf5 24. exf5 {1-0 Vlachos,A (2472)-Kouskoutis,G (2297) 51st TCh-GRE 2024 (5.23)}) 10. Nf1 Be6 11. Ne3 Qd7 12. h4 g4 13. Nh2 h5 14. Nd5 Bg7 15. Nf1 Bxd5 16. exd5 Ne7 17. Bxa6 Qc8 18. Bc4 O-O 19. Bg5 b5 20. axb6 Rxb6 21. Qd1 Nexd5 22. Ng3 Nf4 23. O-O Nh7 24. Bxf4 exf4 25. Nxh5 Qf5 26. Ra5 Be5 27. d4 Qxh5 28. dxe5 Qxh4 29. e6 c5 30. e7 Re8 31. Qd2 Rxe7 32. Re1 Rxb2 0-1

[Event "45th Olympiad 2024"]
[Site "Budapest HUN"]
[Date "2024.09.16"]
[Round "6.14"]
[Board "1"]
[White "Sadorra, Julio Catalino"]
[Black "Martirosyan, Haik M."]
[Result "1-0"]
[WhiteElo "2542"]
[BlackElo "2667"]
[PlyCount "125"]
[EventDate "2024.09.11"]
[WhiteTeam "Philippines"]
[BlackTeam "Armenia"]
[WhiteTeamCountry "PHI"]
[BlackTeamCountry "ARM"]

1. d4 Nf6 2. c4 e6 3. Nc3 Bb4 4. e3 O-O 5. Bd2 c5 6. a3 Bxc3 7. Bxc3 Ne4 8. Ne2 b6 9. d5 Ba6 10. b3 b5 11. Qc2 exd5 12. cxd5 Nxc3 13. Qxc3 d6 14. Ng3 g6 $146 ({RR} 14... Nd7 15. Be2 Nf6 16. Rd1 Rb8 17. b4 Rc8 18. O-O Bb7 19. e4 a6 20. f4 Re8 21. Bf3 cxb4 22. Qxb4 Rc4 23. Qb2 Qb6+ 24. Kh1 Nd7 25. Rc1 Rxc1 26. Rxc1 f6 27. Nf5 g6 28. Nd4 Nc5 29. Qc2 {0-1 Bashylina,L (2179)-Heinemann,J (2360) German Masters Women 2023 (8.2)}) ({RR} 14... Nd7 15. Be2 Nf6 16. Qd2 Re8 17. f3 Qb6 18. e4 Bc8 19. a4 Bd7 20. axb5 Bxb5 21. Bxb5 Qxb5 22. Nf5 Nxe4 23. fxe4 Rxe4+ 24. Kf2 Re5 25. Nxd6 Qb6 26. Nc4 Qf6+ 27. Kg1 Re2 28. Rf1 Rxd2 29. Rxf6 {1-0 Nakamura,H (2794)-Praggnanandhaa,R (2747) 12th Norway Chess 2024 (4.2)}) ({RR} 14... Nd7 15. Be2 Nf6 16. Qd2 g6 17. e4 Re8 18. f3 c4 19. b4 Qb6 20. h4 h5 21. Nf5 Re5 22. Qh6 gxf5 23. Qxf6 fxe4 24. fxe4 Qe3 25. Rf1 Qc3+ 26. Kf2 Rf8 27. Bf3 Qd4+ 28. Kg3 Rxd5 29. Qxd4 {½-½ Malek,J (2482)-Talibov,S (2395) 32nd EY Open U18 2024 (9.7)}) ({RR} 14... Nd7 15. Be2 Nf6 16. Qd2 Qb6 17. O-O Rfe8 18. Rfe1 Bb7 19. Bf3 Re5 20. e4 Rae8 21. b4 h5 22. h4 c4 23. a4 a6 24. axb5 axb5 25. Red1 g6 26. Ra5 Bc8 27. Qd4 Qxd4 28. Rxd4 Bd7 29. Ra6 {½-½ Sandipan,C (2474)-Ghosh,D (2544) Bangabandhu Premier 2022 (7.2)}) 15. Be2 Re8 16. Qd2 Nd7 17. e4 h5 18. h4 c4 19. Qf4 Re5 20. bxc4 bxc4 21. O-O Rc8 22. Rfc1 Qe7 23. Rab1 Nb6 24. Rb4 Rc5 25. a4 Bc8 26. Ra1 c3 27. a5 Nd7 28. a6 c2 29. Rc1 Nf6 30. Bd3 Kg7 31. Rb2 Rc3 32. Qd2 Nxd5 33. Bxc2 Rc5 34. exd5 Bxa6 35. Rbb1 Qxh4 36. Bb3 Rxc1+ 37. Rxc1 Bb5 38. Qc3 Qf4 39. Re1 h4 40. Ne4 Kh6 41. g3 hxg3 42. fxg3 Qg4 43. Nxd6 Rxe1+ 44. Qxe1 Qf3 45. Nxb5 Qxb3 46. Qd2+ Kg7 47. Nc3 Kf8 48. Kg2 a5 49. Ne4 Qb4 50. Qh6+ Ke8 51. Qh8+ Kd7 52. Qe5 f5 53. Nc3 a4 54. Qe6+ Kd8 55. Qf6+ Kd7 56. Qc6+ Ke7 57. d6+ Qxd6 58. Nd5+ Ke6 59. Nf4+ Ke7 60. Nxg6+ Ke6 61. Nf4+ Ke7 62. Qxa4 Qc5 63. Qb4 1-0

[Event "45th Olympiad 2024"]
[Site "Budapest HUN"]
[Date "2024.09.16"]
[Round "6.14"]
[Board "3"]
[White "Bersamina, Paulo"]
[Black "Sargissian, Gabriel"]
[Result "1/2-1/2"]
[WhiteElo "2425"]
[BlackElo "2646"]
[PlyCount "203"]
[EventDate "2024.09.11"]
[WhiteTeam "Philippines"]
[BlackTeam "Armenia"]
[WhiteTeamCountry "PHI"]
[BlackTeamCountry "ARM"]

1. e4 e5 2. Nf3 Nc6 3. d4 exd4 4. Bc4 Nf6 5. e5 d5 6. Bb5 Ne4 7. Nxd4 Bc5 8. Be3 O-O 9. Nxc6 bxc6 10. Bxc5 Nxc5 11. Bxc6 Rb8 12. Qxd5 Qe7 13. O-O Rxb2 14. Qd4 Rxc2 15. Nc3 Ne6 16. Qd3 Rb2 17. Qe3 Qc5 18. Qxc5 Nxc5 19. Rab1 $146 ({RR} 19. Nd5 Ba6 20. Rfb1 Rfb8 21. Rxb2 Rxb2 22. Nxc7 Bb7 23. Nd5 Nd3 24. Bxb7 Rxb7 25. f4 Rb5 26. Nc3 Rc5 27. Ne2 g5 28. g3 gxf4 29. gxf4 Rc4 30. Rf1 Re4 31. Ng3 Rxf4 32. Rd1 Rf3 33. Nh5 h6 {0-1 Karacsonyi,G (2403)-Ulhaq,Z (2203) 45th Olympiad 2024 (4.37)}) 19... Rc2 20. Nd5 Be6 21. Rfd1 g6 22. a3 Kh8 23. Nb4 Rc3 24. Rbc1 Rxc1 25. Rxc1 Rd8 26. Bf3 Nb3 27. Rxc7 Nd4 28. h4 a5 29. Na6 Nxf3+ 30. gxf3 Rd5 31. Rc5 Rd3 32. Rxa5 Rxf3 33. Nc7 Bd7 34. Ra6 Kg7 35. Rd6 Ba4 36. e6 Rc3 37. Nd5 Rc1+ 38. Kh2 fxe6 39. Rxe6 Bb3 40. Re7+ Kf8 41. Rc7 Rf1 42. Kg2 Ra1 43. Nf6 Rxa3 44. Nxh7+ Kg8 45. Nf6+ Kf8 46. Rc3 Kg7 47. Ne4 Ra4 48. Rc7+ Kf8 49. Nc5 Rb4 50. Kg3 Kg8 51. Nd3 Rb5 52. Rc5 Rxc5 53. Nxc5 Bc2 54. Kf4 Kg7 55. Kg5 Bb1 56. Ne6+ Kf7 57. Nd4 Kg7 58. Nc6 Be4 59. Ne5 Bb1 60. Ng4 Bc2 61. Kf4 Bd1 62. Ne3 Be2 63. Kg5 Bd3 64. Ng2 Be4 65. Nf4 Bb1 66. Ne2 Bd3 67. Ng3 Bb1 68. Nf1 Bd3 69. Nd2 Bc2 70. Nc4 Bd3 71. Ne5 Bb1 72. Ng4 Bc2 73. Kf4 Bd1 74. Kg3 Bc2 75. Kf3 Bd1+ 76. Kf4 Be2 77. Kg5 Bd3 78. Nf6 Bb1 79. Ne8+ Kf7 80. Nc7 Kg7 81. Na6 Bd3 82. Nb4 Bb1 83. f3 Kh7 84. Nd5 Kg7 85. Nf4 Bc2 86. Ng2 Bb1 87. Ne1 Ba2 88. Nd3 Bb1 89. Nc5 Bc2 90. Ne6+ Kf7 91. Nd4 Bb1 92. Kf4 Kf6 93. Ne2 Bc2 94. Ng3 Bd1 95. Nh1 g5+ 96. hxg5+ Kg6 97. Ng3 Bxf3 98. Nf5 Bd1 99. Nh4+ Kg7 100. Nf5+ Kg6 101. Nh4+ Kg7 102. Nf5+ 1/2-1/2

[Event "45th Olympiad 2024"]
[Site "Budapest HUN"]
[Date "2024.09.16"]
[Round "6.14"]
[Board "4"]
[White "Hovhannisyan, Robert"]
[Black "Gomez, John Paul"]
[Result "1-0"]
[WhiteElo "2619"]
[BlackElo "2408"]
[PlyCount "177"]
[EventDate "2024.09.11"]
[WhiteTeam "Armenia"]
[BlackTeam "Philippines"]
[WhiteTeamCountry "ARM"]
[BlackTeamCountry "PHI"]

1. e4 e5 2. Nf3 Nc6 3. Bb5 Nf6 4. O-O Nxe4 5. d4 Nd6 6. Bxc6 dxc6 7. dxe5 Nf5 8. Qxd8+ Kxd8 9. Rd1+ Ke8 10. Nc3 Be7 11. h3 b6 $146 ({RR} 11... Be6 12. Bg5 Bxg5 13. Nxg5 c5 14. Nb5 Ke7 15. Nxc7 Rad8 16. c3 Rxd1+ 17. Rxd1 Bxa2 18. Ra1 Rc8 19. Nb5 a6 20. Nd6 Nxd6 21. exd6+ Kf6 22. Ne4+ Ke5 23. d7 Rd8 24. Nxc5 Bd5 25. Rd1 Kd6 26. Nxb7+ {1-0 Leon Hoyos,M (2281)-Castillo,K Codicader 3rd 2003 (2)}) ({RR} 11... h5 12. g3 b6 13. Kg2 Bd7 14. Bf4 Rd8 15. b3 Be6 16. Rxd8+ Bxd8 17. Rd1 Be7 18. Ne2 c5 19. c4 Rg8 20. Bg5 f6 21. exf6 gxf6 22. Bf4 Nd6 23. Nc3 Kf7 24. Nd5 Bd8 25. Bxd6 cxd6 26. Nf4 {1-0 Kamsky,G (2666)-Andreikin,D (2729) Chess.com Rapid CGC KO 2022 (2.4)}) ({RR} 11... h5 12. Ne2 Be6 13. Bg5 Rd8 14. Bxe7 Kxe7 15. Nf4 Rxd1+ 16. Rxd1 h4 17. b3 a5 18. Nd4 Nxd4 19. Rxd4 b6 20. Kf1 Bf5 21. Rd2 a4 22. Ne2 c5 23. Nc3 axb3 24. cxb3 Be6 25. f4 c4 26. bxc4 {0-1 Estrada Nieto,J (2218)-Carrasco Miranda,A (2174) Titled Tue 27th Aug Late 2024 (6)}) ({RR} 11... h5 12. Bg5 Be6 13. Rd2 Rd8 14. Rad1 Rxd2 15. Rxd2 h4 16. a3 Rh5 17. Bxe7 Nxe7 18. Rd4 Ng6 19. Re4 Ke7 20. Kf1 Rh8 21. Rd4 Rh5 22. Re4 Rh8 23. Ra4 a6 24. Rd4 b6 25. Ke2 Bf5 26. Rc4 {½-½ Quparadze,G (2476)-Lazavik,D (2440) Titled Tuesday intern op 28th Sept blitz 2021 (11)}) 12. a4 a5 13. Bf4 h6 14. g4 Nh4 15. Nxh4 Bxh4 16. Ne2 Bd7 17. Ra3 c5 18. Nc3 Bc6 19. Nb5 Bxb5 20. axb5 Rd8 21. Rad3 Rxd3 22. Rxd3 Bd8 23. Kg2 h5 24. c4 hxg4 25. hxg4 g5 26. Bd2 Rg8 27. Rh3 Kd7 28. Kf3 Ke6 29. Ke4 Be7 30. Rh6+ Rg6 31. Rh1 Rg8 32. b3 Bd8 33. Rh6+ Rg6 34. Rh8 Be7 35. Bc3 Rg7 36. Bb2 Rg6 37. Bc1 Rg7 38. Be3 Rg6 39. Ra8 Rg7 40. Re8 Rg6 41. Rh8 Rg7 42. Bd2 Rg6 43. Rc8 Kd7 44. Ra8 Ke6 45. f3 Rg7 46. Rh8 Rg6 47. Be1 Rg7 48. Bg3 Rg6 49. Rh1 Rg8 50. Rh5 Bf8 51. Bf2 Rg6 52. Be1 Rg8 53. Bg3 Rg6 54. f4 gxf4 55. Kxf4 Rg8 56. Bh4 Bg7 57. Ke4 Rh8 58. Kf4 Bh6+ 59. Kf3 Bg7 60. Ke4 Rg8 61. Rg5 Rh8 62. Rh5 Rg8 63. Rf5 Bh8 64. Kf4 Ra8 65. Bf6 Bxf6 66. Rxf6+ Ke7 67. Ke4 Rd8 68. Rc6 Rd4+ 69. Kf5 Kd8 70. Rf6 Ke7 71. e6 fxe6+ 72. Rxe6+ Kf7 73. g5 Rd7 74. g6+ Kg7 75. Kg5 Rd3 76. Re7+ Kg8 77. Rxc7 Rxb3 78. Rb7 Rc3 79. Kf6 Rf3+ 80. Ke5 Rc3 81. Kd5 Rd3+ 82. Kc6 Rd4 83. Rxb6 Rxc4 84. Ra6 Rg4 85. b6 Rxg6+ 86. Kb5 Rg1 87. b7 Rb1+ 88. Kc6 c4 89. Rb6 1-0

[Event "45th Olympiad 2024"]
[Site "Budapest HUN"]
[Date "2024.09.16"]
[Round "6.15"]
[Board "3"]
[White "Thybo, Jesper Sondergaard"]
[Black "Zilka, Stepan"]
[Result "1/2-1/2"]
[WhiteElo "2555"]
[BlackElo "2574"]
[PlyCount "175"]
[EventDate "2024.09.11"]
[WhiteTeam "Denmark"]
[BlackTeam "Czech Republic"]
[WhiteTeamCountry "DEN"]
[BlackTeamCountry "CZE"]

1. d4 d5 2. Nf3 Nf6 3. c4 e6 4. g3 Be7 5. Bg2 O-O 6. O-O dxc4 7. Qc2 a6 8. a4 Nbd7 9. Nbd2 b6 10. Ne5 Nxe5 11. Bxa8 Qxd4 12. Nf3 ({RR} 12. Ne4 Nd5 13. Bf4 Nd3 14. Bxd5 Nxf4 15. Rfd1 Nh3+ 16. Kg2 Qxd5 17. Rxd5 exd5 18. Nc3 c6 19. b3 d4 20. Ne4 c3 21. e3 c5 22. Rd1 f5 23. Nxc3 dxc3 24. Kxh3 f4+ 25. Kg2 fxe3 26. fxe3 Bb7+ {1-0 Gelfand,B (2678)-Kramnik,V (2753) Satty Zhuldyz Blitz 2023 (16.2)}) 12... Nxf3+ 13. Bxf3 Nd5 14. Bd2 a5 $146 ({RR} 14... b5 15. axb5 axb5 16. Rfd1 Qc5 17. e4 Nb4 18. Bxb4 Qxb4 19. e5 f6 20. Ra8 Qc5 21. exf6 Bxf6 22. Qe4 Qe5 23. Qxe5 Bxe5 24. Bg4 h5 25. Bh3 Kh7 26. Rd2 c5 27. Bxe6 Bxe6 28. Rxf8 c3 29. bxc3 {1-0 Jussupow,A (2490)-Agzamov,G (2390) URS Young Masters-ch12 1979}) ({RR} 14... b5 15. axb5 axb5 16. Rfd1 Qf6 17. b3 Nb6 18. Ba5 cxb3 19. Qxb3 Nc4 20. Bxc7 Ne5 21. Bxe5 Qxe5 22. Ra5 Qc7 23. Rxb5 Ba6 24. Rb6 Bc4 25. Qb1 Bc5 26. Rc6 Qa7 27. Qc2 Bxf2+ 28. Kg2 Ba6 29. Rxa6 {1-0 Hercegovac,N (2187)-Elgersma,O (2316) Titled Tuesday intern op 12th Jul Late blitz 2022 (1)}) 15. Rac1 Ba6 16. Rfd1 Bc5 17. Be1 Qe5 18. Bc3 Nxc3 19. Qxc3 Bd6 20. Qxe5 Bxe5 21. Rd2 f5 22. e3 Kf7 23. Be2 c3 24. bxc3 Bb7 25. Bb5 Bd6 26. f4 Rg8 27. Kf2 g5 28. Rg1 Kf6 29. h4 h6 30. Be2 Bc6 31. Bb5 Bb7 32. Rdd1 Bd5 33. Bd3 Bc6 34. Bc2 Bc5 35. Ke2 b5 36. axb5 Bxb5+ 37. Bd3 Bc6 38. fxg5+ hxg5 39. g4 gxh4 40. gxf5 Bg2 41. Be4 h3 42. fxe6 a4 43. Bxg2 hxg2 44. Kf3 a3 45. Rxg2 Ra8 46. Ke4 Kxe6 47. Rdd2 Be7 48. Kd3 Ra4 49. Rh2 Bf6 50. Ra2 c5 51. Rh5 c4+ 52. Kc2 Be7 53. Ra1 Ra8 54. Rb1 a2 55. Ra1 Ra3 56. Kb2 Rb3+ 57. Kxa2 Rxc3 58. Re1 Bb4 59. Re2 Ra3+ 60. Kb1 Rb3+ 61. Rb2 Bc3 62. Rxb3 cxb3 63. Rb5 b2 64. Kc2 Be5 65. Kd3 Kd6 66. Ke4 Kc6 67. Rb3 Bg7 68. Kd3 Be5 69. e4 Kc5 70. Rb7 Kc6 71. Rb3 Kc5 72. Kc2 Kd4 73. Rxb2 Kxe4 74. Rb7 Bd4 75. Kd2 Be5 76. Ke2 Bd4 77. Rb4 Ke5 78. Kd3 Bf2 79. Re4+ Kd5 80. Rf4 Bg3 81. Rf5+ Be5 82. Rh5 Kd6 83. Ke4 Bc3 84. Rd5+ Kc6 85. Rd3 Be1 86. Rd1 Bf2 87. Rc1+ Kd6 88. Rh1 1/2-1/2

[Event "45th Olympiad 2024"]
[Site "Budapest HUN"]
[Date "2024.09.16"]
[Round "6.16"]
[Board "1"]
[White "Rodrigue-Lemieux, Shawn"]
[Black "Yilmaz, Mustafa"]
[Result "1-0"]
[WhiteElo "2509"]
[BlackElo "2587"]
[PlyCount "79"]
[EventDate "2024.09.11"]
[WhiteTeam "Canada"]
[BlackTeam "Turkiye"]
[WhiteTeamCountry "CAN"]

1. e4 c5 2. Nf3 d6 3. d4 cxd4 4. Nxd4 Nf6 5. Nc3 a6 6. Bd3 e5 7. Nde2 Be7 8. O-O O-O 9. Ng3 Bg4 10. Be2 Be6 11. Nd5 ({RR} 11. Be3 g6 12. a4 Nbd7 13. Qd2 Rc8 14. a5 Re8 15. Nd5 Bxd5 16. exd5 Nc5 17. f3 h5 18. b4 Ncd7 19. c4 h4 20. Ne4 h3 21. g3 Nxe4 22. fxe4 Nf6 23. Qd3 Qd7 24. Rac1 Ng4 25. Bb6 Bg5 {1-0 Karjakin,S (2748)-Giri,A (2779) Riga FIDE GP 2019 (1.3)}) ({RR} 11. Bf3 g6 12. Bh6 Re8 13. Qd2 Kh8 14. Rfd1 Nbd7 15. a4 Qa5 16. Qe1 Rac8 17. Bd2 Qb6 18. b3 Qc5 19. a5 h5 20. h3 Nh7 21. Be2 Bg5 22. Bxg5 Qxc3 23. Bd2 Qxc2 24. Rdc1 Qxb3 25. Rcb1 Qc2 {½-½ Khubukshanov,E (2430)-Sakaev,K (2558) 77th ch-RUS HL 2024 (5.6)}) 11... Nxd5 12. exd5 Bc8 13. a4 $146 ({RR} 13. f4 Nd7 14. Nf5 Bf6 15. c3 exf4 16. Bxf4 Ne5 17. Nd4 Re8 18. Kh1 Bg5 19. Qd2 Bxf4 20. Qxf4 Bd7 21. Rad1 Qb6 22. Rd2 Re7 23. h3 Rae8 24. Bd3 Qc5 25. Nb3 Qc7 26. Nd4 Qa5 27. Bb1 Nc4 {0-1 Aronian,L (2742)-Svidler,P (2689) Levitov Chess Week Rapid 2023 (9.5)}) ({RR} 13. c4 f5 14. Qc2 Qc7 15. Bd2 a5 16. Rfc1 Na6 17. f3 g6 18. a3 h5 19. Kh1 h4 20. Nf1 h3 21. gxh3 Kg7 22. Ne3 Rh8 23. Rg1 Kf7 24. Rg2 Bd7 25. Rag1 Rag8 26. Bd3 Nc5 27. Nxf5 Nxd3 {1-0 Costa,L (2165)-Pikalow,M (2021) GER-ch U14 Willingen 2020 (4)}) 13... f5 14. a5 Nd7 15. c4 e4 16. b4 Bf6 17. Ra3 Be5 18. f4 exf3 19. Raxf3 g6 20. Bh6 Rf7 21. Qd2 Nf6 22. Bf4 Bxf4 23. Qxf4 b6 24. Qg5 Kf8 25. Bd3 bxa5 26. Bxf5 Bxf5 27. Nxf5 Ne4 28. Qxd8+ Rxd8 29. Nd4 Rdd7 30. c5 Nd2 31. Rxf7+ Rxf7 32. Rc1 Ke8 33. c6 Kd8 34. b5 axb5 35. Nxb5 Rf8 36. Nxd6 Kc7 37. Nb5+ Kb6 38. c7 Kxb5 39. d6 Nb3 40. c8=Q 1-0

[Event "45th Olympiad 2024"]
[Site "Budapest HUN"]
[Date "2024.09.16"]
[Round "6.16"]
[Board "2"]
[White "Gurel, Ediz"]
[Black "Thavandiran, Shiyam"]
[Result "1-0"]
[WhiteElo "2602"]
[BlackElo "2388"]
[PlyCount "123"]
[EventDate "2024.09.11"]
[WhiteTeam "Turkiye"]
[BlackTeam "Canada"]
[BlackTeamCountry "CAN"]

1. e4 e6 2. d4 d5 3. Nc3 Nf6 4. e5 Nfd7 5. f4 c5 6. Nf3 Nc6 7. Be3 a6 8. Ne2 Qb6 9. Qc1 Be7 ({RR} 9... cxd4 10. Nexd4 Nxd4 11. Nxd4 f6 12. exf6 Nxf6 13. Bd3 Bc5 14. c3 Qc7 15. O-O e5 16. fxe5 Qxe5 17. Bf4 Bxd4+ 18. Kh1 Qe7 19. cxd4 O-O 20. Be5 Ne4 21. Rxf8+ Qxf8 22. Qc7 {1-0 Pichot,A (2652)-Thavandiran,S (2399) American Continental 16th 2022 (6)}) 10. c3 Qa5 $146 ({RR} 10... O-O 11. h4 f6 12. h5 cxd4 13. Nexd4 Nxd4 14. Bxd4 Qc7 15. Qe3 f5 16. b4 a5 17. a3 b6 18. Bb5 Nc5 19. O-O Rb8 20. Rab1 Ne4 21. Rfc1 Bc5 22. c4 axb4 23. axb4 Bxd4 24. Nxd4 dxc4 25. Bxc4 {1-0 Fromm,M (2465)-Kurt,O (2124) 10th Cesme Open A 2024 (1.9)}) ({RR} 10... O-O 11. g3 f6 12. Bg2 cxd4 13. cxd4 Qa5+ 14. Nc3 Nb6 15. exf6 Bxf6 16. b3 Bd7 17. O-O Rac8 18. Qd2 Be7 19. Ne2 Qxd2 20. Bxd2 Rc7 21. Rac1 Rfc8 22. f5 Ba3 23. Rce1 Bb4 24. Bxb4 Nxb4 25. fxe6 {1-0 Caruana,F (2764)-Carlsen,M (2853) 11th Norway Chess 2023 (1.1)}) ({RR} 10... O-O 11. h4 f6 12. h5 h6 13. Rh3 Rf7 14. Kf2 fxe5 15. fxe5 cxd4 16. cxd4 Bg5 17. Kg1 Bxe3+ 18. Qxe3 Qxb2 19. Rc1 Ne7 20. Nh4 Nb6 21. Nc3 Nc4 22. Bxc4 dxc4 23. Rb1 Qc2 24. Rc1 Qb2 25. Rb1 {½-½ Van Foreest,J (2699)-Bacrot,E (2660) TCh-ESP Div Honor 2023 (7.2)}) 11. Kf2 Qc7 12. Kg1 b5 13. h4 cxd4 14. cxd4 Nb6 15. h5 Bd7 16. b3 Rc8 17. Qe1 Nb4 18. Qg3 Kf8 19. Ne1 Qd8 20. Bd2 Na8 21. a3 Nc6 22. Nd3 a5 23. Qf2 Nb6 24. g4 a4 25. b4 Nc4 26. Bc1 Qb6 27. f5 Ke8 28. Rh3 Kd8 29. Rf3 Kc7 30. Bf4 Kb7 31. Bg3 Nd2 32. Rf4 Ka8 33. Rd1 Nc4 34. Rf3 Qa7 35. Nc5 Bxc5 36. bxc5 N6a5 37. Bg2 Nb3 38. fxe6 Bxe6 39. Nc3 Qd7 40. Rf4 Rhf8 41. Qf3 Rcd8 42. Bh4 Nxa3 43. Bxd8 Rxd8 44. Qd3 g6 45. hxg6 hxg6 46. Rf6 Ka7 47. Rdf1 Nc4 48. R1f4 b4 49. Nxd5 Bxd5 50. c6 Nc1 51. Qd1 b3 52. cxd7 Bxg2 53. Qxc1 Bd5 54. Qc3 b2 55. Qb4 Rxd7 56. Qxa4+ Kb8 57. Qxd7 b1=Q+ 58. Rf1 Qe4 59. Qd8+ Kb7 60. Rxf7+ Ka6 61. R7f6+ Kb5 62. Qb8+ 1-0

[Event "45th Olympiad 2024"]
[Site "Budapest HUN"]
[Date "2024.09.16"]
[Round "6.17"]
[Board "4"]
[White "Kelires, Andreas"]
[Black "Kostolansky, Sebastian Lukas"]
[Result "1-0"]
[WhiteElo "2536"]
[BlackElo "2405"]
[PlyCount "105"]
[EventDate "2024.09.11"]
[WhiteTeam "Greece"]
[BlackTeam "Slovakia"]
[WhiteTeamCountry "GRE"]
[BlackTeamCountry "SVK"]

1. d4 Nf6 2. c4 e6 3. Nf3 d5 4. g3 Be7 5. Bg2 O-O 6. Nc3 dxc4 7. Ne5 Nc6 8. Bxc6 bxc6 9. Nxc6 Qe8 10. Nxe7+ Qxe7 11. Qa4 c5 12. dxc5 Qxc5 13. Be3 Qc7 14. f3 e5 ({RR} 14... Bb7 15. Kf2 Nd5 16. Nxd5 Bxd5 17. Rhd1 f5 18. Rd4 Qb7 19. Qa3 a6 20. Rad1 h6 21. Bf4 a5 22. Be5 Kh7 23. Qe3 Rf7 24. Rh4 Kg8 25. Bc3 a4 26. a3 Qa7 27. Rdd4 Re8 28. Qe5 Qb8 29. Qe3 {1-0 Aronian,L (2797)-Radjabov,T (2734) Beijing Sportaccord blitz 2014 (24)}) ({RR} 14... a5 15. Rc1 Bd7 16. Qa3 Rfc8 17. Rc2 Qb7 18. Qd6 Ng4 19. Bd4 f6 20. O-O Rc6 21. Qa3 Nh6 22. Rd1 Qb4 23. Bxf6 gxf6 24. Rxd7 Nf5 25. Rd1 Nh6 26. Rd7 Nf5 27. Kh1 Ne3 28. Rcd2 Qxa3 29. bxa3 {½-½ Travesset Sagre,J (2312)-Travesset Ribera,D (2099) 33rd Pobla De Lillet Open 2024 (9.6)}) 15. O-O-O Bb7 $146 ({RR} 15... Be6 16. Qa6 Rfb8 17. Rd2 h6 18. Rhd1 Kh7 19. h4 h5 20. Qd6 Rb7 21. Qxc7 Rxc7 22. Rd8 Rxd8 23. Rxd8 a6 24. Rd6 Bc8 25. Bg5 Ne8 26. Rd8 Bd7 27. Nd5 Rb7 28. Nb6 Bc6 29. Nxc4 f6 30. Be3 {1-0 Mekhitarian,K (2545)-Terao,J (2213) American Continental 15th 2019 (2)}) ({RR} 15... Be6 16. Qa6 Rfb8 17. Rd2 Ne8 18. Rhd1 h6 19. g4 Qe7 20. Qa5 f6 21. h4 Qc7 22. Qxc7 Nxc7 23. Rd6 Rc8 24. Rc6 f5 25. gxf5 Bxf5 26. Rc5 a6 27. Rxe5 Re8 28. Rxf5 Rxe3 29. Rd7 Nb5 30. Kd2 {1-0 Ernst,S (2523)-Werle,J (2544) Hoogeveen final 4 23rd 2019 (1)}) 16. Qa3 e4 17. f4 Ng4 18. Bc5 Rfc8 19. h3 Nf6 20. Be3 Rd8 21. Rxd8+ Rxd8 22. Qxa7 Nd5 23. Rd1 Nxc3 24. Rxd8+ Qxd8 25. bxc3 Bc6 26. Bd4 Qe8 27. g4 h6 28. h4 Ba4 29. Kd2 Bd7 30. f5 h5 31. gxh5 Bxf5 32. Ke3 f6 33. h6 gxh6 34. Qa6 Be6 35. Qd6 Kf7 36. Qf4 f5 37. Qxh6 Ke7 38. Qg5+ Kd7 39. h5 Qb8 40. Qg7+ Kc6 41. Qe5 Qg8 42. Kf2 Bd5 43. h6 e3+ 44. Bxe3 Qg2+ 45. Ke1 Be4 46. Qf6+ Kd5 47. Qd4+ Ke6 48. Qxc4+ Bd5 49. Qc8+ Ke5 50. Qc7+ Ke6 51. h7 Qh1+ 52. Kd2 Bb7 53. Qc4+ 1-0